000 00512nam a2200217Ia 4500
003 OSt
005 20220928151626.0
006 a|||||r|||| 00| 0
007 ta
008 220927b |||||||| |||| 00| 0 eng d
024 _a129039
037 _cTextual
040 _aSDCL
_cSDCL
_beng
041 _2eng
_aeng
082 _aO-,3M85,7, J0
100 _aLawrence D H
245 0 _aLost girl.
260 _c1920
942 _hO-,3M85,7, J0
_cTEXL
_2CC
999 _c852199
_d852199